000 00605nam a2200229 i 4500
001 C2-0128111
003 PPAK
005 20180727120535.0
008 970921s1973 my |||| ||||| | may d
040 _aPPAK
_beng
_cPPAK
_erda
082 0 4 _a573.2
_223
090 0 0 _a573.2
_bMEU
_dKIH
100 1 _aMeuraxa, Dada,
_eauthor
245 1 0 _aManusia asalnya monyet ?
264 1 _aMedan, Indonesia :
_bSasterawan ,
_c1973
300 _a41 pages ;
_c21 cm
336 _2rdacontent
_atext
337 _2rdamedia
_aunmediated
338 _2rdacarrier
_avolume
650 1 0 _aHuman evolution.
942 _ddc
_cB
999 _c38552
_d38552